Thomas d’Aquin, Le Verbe incarné en ses mystères, t. 3, La sortie du Christ de ce monde, IIIa, q. 46-52, éd. J.-P. Torrell op, Paris, Cerf, 2004, 20x13, 513 p., 50 €. ISBN 2-204-07638-4 (notice n° 1620749)
[ vue normale ]
| 000 -LEADER | |
|---|---|
| fixed length control field | 00599cam a2200133 4500500 |
| 005 - DATE AND TIME OF LATEST TRANSACTION | |
| control field | 20260111091248.0 |
| 041 ## - LANGUAGE CODE | |
| Language code of text/sound track or separate title | fre |
| 042 ## - AUTHENTICATION CODE | |
| Authentication code | dc |
| 245 00 - TITLE STATEMENT | |
| Title | Thomas d’Aquin, Le Verbe incarné en ses mystères, t. 3, La sortie du Christ de ce monde, IIIa, q. 46-52, éd. J.-P. Torrell op, Paris, Cerf, 2004, 20x13, 513 p., 50 €. ISBN 2-204-07638-4 |
| 260 ## - PUBLICATION, DISTRIBUTION, ETC. | |
| Date of publication, distribution, etc. | 2005.<br/> |
| 500 ## - GENERAL NOTE | |
| General note | 19 |
| 786 0# - DATA SOURCE ENTRY | |
| Note | Nouvelle revue théologique | 127 | 4 | 2005-12-15 | p. 623x-647x | 0029-4845 |
| 856 41 - ELECTRONIC LOCATION AND ACCESS | |
| Uniform Resource Identifier | <a href="https://shs.cairn.info/revue-nouvelle-revue-theologique-2005-4-page-623x?lang=fr&redirect-ssocas=7080">https://shs.cairn.info/revue-nouvelle-revue-theologique-2005-4-page-623x?lang=fr&redirect-ssocas=7080</a> |
Pas d'exemplaire disponible.




Réseaux sociaux